000 00488nam a2200181Ia 4500
005 20250326142245.0
008 250326s9999 xx 000 0 und d
037 _aTextbook
040 _aFMSL
_beng
_cFMSL
041 _aeng
_2eng
084 _aX:8 N4
_qFMSL
100 _aWren D A
_9735378
245 0 _aEvolution of management thought
_cWren D A
260 _aNew York
_bNew York, Johan Wiley
_c1994
300 _a478p
942 _cTB
_hX:8 N4
999 _c1294164
_d1294164